SHAFERS TEXT BOOK OF ORAL PATHOLOGY (Record no. 4692)
[ view plain ]
| 000 -LEADER | |
|---|---|
| fixed length control field | 00359nam a2200145Ia 4500 |
| 008 - FIXED-LENGTH DATA ELEMENTS--GENERAL INFORMATION | |
| fixed length control field | 150201s2011 xx 000 0 und d |
| 082 ## - DEWEY DECIMAL CLASSIFICATION NUMBER | |
| Classification number | 616.0707 |
| Item number | O2011R |
| 100 ## - MAIN ENTRY--PERSONAL NAME | |
| Personal name | RAJENDRAN,R. |
| 245 ## - TITLE STATEMENT | |
| Title | SHAFERS TEXT BOOK OF ORAL PATHOLOGY |
| 250 ## - EDITION STATEMENT | |
| Edition statement | 6TH |
| 260 ## - PUBLICATION, DISTRIBUTION, ETC. (IMPRINT) | |
| Name of publisher, distributor, etc. | ELSEVIER |
| Place of publication, distribution, etc. | DELHI |
| Date of publication, distribution, etc. | 2011 |
| 300 ## - PHYSICAL DESCRIPTION | |
| Extent | 1-963 |
| 650 ## - SUBJECT ADDED ENTRY--TOPICAL TERM | |
| Topical term or geographic name as entry element | ORAL PATHOLOGY |
| 942 ## - ADDED ENTRY ELEMENTS (KOHA) | |
| Source of classification or shelving scheme | Dewey Decimal Classification |
| Koha item type | Books |
| Koha issues (borrowed), all copies | 15 |
| Withdrawn status | Lost status | Source of classification or shelving scheme | Damaged status | Not for loan | Home library | Current library | Date acquired | Source of acquisition | Cost, normal purchase price | Serial Enumeration / chronology | SGTU | Bill Number | Total Checkouts | Full call number | Barcode | Date last seen | Date last checked out | Bill Date | Koha item type |
|---|---|---|---|---|---|---|---|---|---|---|---|---|---|---|---|---|---|---|---|
| Dewey Decimal Classification | SGT Dental Library | SGT Dental Library | 11/11/2011 | U.B.S.DELHI | 1275.00 | 1 | SGTU | 514 | 14 | 616.0707 O2011R | FD6589 | 30/08/2022 | 16/08/2022 | 08/06/2013 | Books | ||||
| Dewey Decimal Classification | SGT Dental Library | SGT Dental Library | 11/11/2011 | U.B.S.DELHI | 1275.00 | 1 | SGTU | 514 | 15 | 616.0707 O2011R | FD6590 | 23/01/2025 | 23/01/2025 | 08/06/2013 | Books | ||||
| Dewey Decimal Classification | SGT Dental Library | SGT Dental Library | 11/11/2011 | U.B.S.DELHI | 1275.00 | 1 | SGTU | 514 | 2 | 616.0707 O2011R | FD6591 | 28/08/2025 | 28/08/2025 | 08/06/2013 | Books |